000
00200 a2200097 4500
001
9238
100
_a
Areberey, A.J.
245
_a
The koran interpreted
260
_a
_b
Allen
_c
090
_c
7408
_d
7408
942
_a
NUST-CAE
_c
M
_c
34054
999
_c
244311
_d
244311